| 000 | 00683nam a2200241 a 4500 | ||
|---|---|---|---|
| 005 | 20250826063911.0 | ||
| 008 | 011116s2000 mx r 000 0 spa d | ||
| 020 | _a9506023999 | ||
| 035 | _aUPN01000113946 | ||
| 049 | _aCG | ||
| 050 | 4 |
_aRC537 _bE4.38 |
|
| 100 | 1 | _aEhrenberg, Alain | |
| 245 | 1 | 3 |
_aLa fatiga de ser uno mismo : _bdepresión y sociedad / _cAlain Ehrenberg ; tr. Rogelio C. Paredes |
| 260 |
_aBuenos Aires : _bNueva Visión, _cc2000. |
||
| 300 | _a303 p. | ||
| 440 | 0 | _aCultura y sociedad | |
| 650 | 2 |
_aDepresión mental _97508 |
|
| 650 | 4 |
_aNEUROSIS _99378 |
|
| 650 | 7 |
_aPsicopatología _2 _945619 |
|
| 901 | _a184598 | ||
| 902 | _aMCM/mema | ||
| 905 | _aLibro | ||
| 999 |
_c87854 _d87854 |
||